<?xml version="1.0" encoding="UTF-8"?>
<record
    xmlns:xsi="http://www.w3.org/2001/XMLSchema-instance"
    xsi:schemaLocation="http://www.loc.gov/MARC21/slim http://www.loc.gov/standards/marcxml/schema/MARC21slim.xsd"
    xmlns="http://www.loc.gov/MARC21/slim">

  <leader>01733cam a22001694a 4500</leader>
  <datafield tag="020" ind1=" " ind2=" ">
    <subfield code="a">9780801039591 (pbk.)</subfield>
  </datafield>
  <datafield tag="020" ind1=" " ind2=" ">
    <subfield code="a">0801039592 (pbk.)</subfield>
  </datafield>
  <datafield tag="041" ind1=" " ind2=" ">
    <subfield code="a">ENG</subfield>
  </datafield>
  <datafield tag="082" ind1="0" ind2="0">
    <subfield code="a">221.601</subfield>
    <subfield code="b">GOL</subfield>
  </datafield>
  <datafield tag="100" ind1="1" ind2=" ">
    <subfield code="a">Goldingay, John.</subfield>
  </datafield>
  <datafield tag="245" ind1="1" ind2="0">
    <subfield code="a">Key questions about Biblical interpretation :Old Testament Answers</subfield>
  </datafield>
  <datafield tag="260" ind1=" " ind2=" ">
    <subfield code="a">Grand Rapids, Mich. :</subfield>
    <subfield code="b">Baker Academic,</subfield>
    <subfield code="c">c2011.</subfield>
  </datafield>
  <datafield tag="300" ind1=" " ind2=" ">
    <subfield code="a">xii, 384 p. ;</subfield>
  </datafield>
  <datafield tag="505" ind1="0" ind2=" ">
    <subfield code="a">What is involved in understanding a passage from the Bible? -- What difference does it make if you are premodern, modern, or postmodern? -- Can we learn from the past? -- Luther and the Bible -- Can we learn from the hermeneutics of liberation theology? -- What questions does evangelical biblical interpretation need to consider? -- How does scripture impact our life with God? -- How should we read scripture in church? -- Canon and lection -- How might preaching be scriptural? -- How does the Bible do theological reflection? -- How does Biblical narrative relate to systematic theology? -- How does Biblical story shape our story? -- How do we preach on narrative? -- Does Biblical narrative need to be historical? -- How does Christian faith relate to the First Testament? -- In what sense is it appropriate to read the first testament, Christologically? -- What defines evangelical study of the First Testament? -- In what way does Old Testament theology relate to the canon? -- How may we interpret the Pentateuch? -- Can we read prophecy in light of the newspaper? -- Is there prophecy today? -- How does poststructuralist interpretation work? -- Isaiah 40-55 as a test case -- Is there masculist interpretation? -- How may we interpret wisdom, poetry, and writings?</subfield>
  </datafield>
  <datafield tag="650" ind1=" " ind2=" ">
    <subfield code="a">Bible - Old Testament</subfield>
  </datafield>
  <datafield tag="942" ind1=" " ind2=" ">
    <subfield code="c">BK</subfield>
  </datafield>
  <datafield tag="952" ind1=" " ind2=" ">
    <subfield code="0">0</subfield>
    <subfield code="1">0</subfield>
    <subfield code="4">0</subfield>
    <subfield code="7">0</subfield>
    <subfield code="a">HMI</subfield>
    <subfield code="b">HMI</subfield>
    <subfield code="c">GEN</subfield>
    <subfield code="d">2018-11-23</subfield>
    <subfield code="l">0</subfield>
    <subfield code="o">221.601 GOL</subfield>
    <subfield code="p">11003921</subfield>
    <subfield code="r">2026-01-16</subfield>
    <subfield code="w">2026-01-16</subfield>
    <subfield code="y">BK</subfield>
  </datafield>
  <datafield tag="952" ind1=" " ind2=" ">
    <subfield code="0">0</subfield>
    <subfield code="1">0</subfield>
    <subfield code="4">0</subfield>
    <subfield code="7">0</subfield>
    <subfield code="a">HMI</subfield>
    <subfield code="b">HMI</subfield>
    <subfield code="c">GEN</subfield>
    <subfield code="d">2018-11-23</subfield>
    <subfield code="l">0</subfield>
    <subfield code="o">221.601 GOL</subfield>
    <subfield code="p">11003922</subfield>
    <subfield code="r">2026-01-16</subfield>
    <subfield code="w">2026-01-16</subfield>
    <subfield code="y">BK</subfield>
  </datafield>
  <datafield tag="999" ind1=" " ind2=" ">
    <subfield code="c">22544</subfield>
    <subfield code="d">22544</subfield>
  </datafield>
</record>
